00342 a2200145 4500003000400000005001700004008004100021020001800062040000900080082002100089100001600110245004000126260002000166300001000186OSt20230926154835.0230926b |||||||| |||| 00| 0 eng d a9789332536340 coclc a650.01513bMAR/B aMariappan P aBusiness mathematics /cP Mariappan bPearson,c2023. a776 p